000 00559nam a2200169 i 4500
001 62364
003 ES-MaACL
005 20230906164643.0
007 t|
008 031120s1911 fr ||||1| fre d
100 1 _aFélox, Pierre.
_949229
245 1 0 _aDeus cas de conscience
_b: les catholiques français, l'affaire Dreyfus et l'action française /
_cPierre Félix.
260 _aCamp de Laythonay :
_b[s.n.],
_c1911 (
_eAngoulême :
_fL. Cognemard et C.)
300 _a104 p. ;
_c18 cm.
600 0 4 _aDreyfus, Alfred.
_945616
852 _aES-MaACL
_jF-10568
999 _c62364
_d62364